Computational biology of embryonic stem cells (Record no. 98287)
[ view plain ]
| 000 -LEADER | |
|---|---|
| fixed length control field | 01128nam a2200289Ia 4500 |
| 245 00 - TITLE STATEMENT | |
| Title | Computational biology of embryonic stem cells |
| 260 ## - PUBLICATION, DISTRIBUTION, ETC. (IMPRINT) | |
| Place of publication | [Oak Park, Ill. : |
| Name of publisher | Bentham Science, |
| Year of publication | 2012] |
| 300 ## - PHYSICAL DESCRIPTION | |
| Number of Pages | ix, 250 p. : |
| Other physical details | ill. (some col.) |
| 650 #0 - SUBJECT ADDED ENTRY--TOPICAL TERM | |
| Topical Term | Embryonic stem cells. |
| Topical Term | Computational biology. |
| 700 1# - ADDED ENTRY--PERSONAL NAME | |
| Personal name | Zhan, Ming. |
| 856 40 - ELECTRONIC LOCATION AND ACCESS | |
| Uniform Resource Identifier | http://site.ebrary.com/lib/rucke/Doc?id=10601794 |
No items available.
